BIBLIOTECA PODER JUDICIAL
Portal Judicial TDF

El derecho, una gran familia a la que el derecho penal desconoce el parentesco, y cómo el fraude se hermana con la violencia económica / (Registro nro. 6227)

000 -LEADER
fixed length control field 01031nab a22002177a 4500
003 - CONTROL NUMBER IDENTIFIER
control field OSt
005 - DATE AND TIME OF LATEST TRANSACTION
control field 20260126023247.0
008 - FIXED-LENGTH DATA ELEMENTS--GENERAL INFORMATION
fixed length control field 190514b xxu||||| |||| 00| 0 spa d
040 ## - CATALOGING SOURCE
Transcribing agency PJ
100 ## - MAIN ENTRY--PERSONAL NAME
9 (RLIN) 6949
Personal name Vieiros, María Layla
245 13 - TITLE STATEMENT
Title El derecho, una gran familia a la que el derecho penal desconoce el parentesco, y cómo el fraude se hermana con la violencia económica /
Remainder of title
Statement of responsibility, etc María Layla Vieiros.
300 ## - PHYSICAL DESCRIPTION
Extent p. 5-11
500 ## - GENERAL NOTE
General note Cita: TR LALEY AR/DOC/2676/2024.
505 ## - FORMATTED CONTENTS NOTE
Formatted contents note Sumario: I. Introducción.— II. El fallo.— III. Somos familia, no me defraudes.— IV. Conclusión.
505 ## - FORMATTED CONTENTS NOTE
Title Fallo comentado: CNCrim. y Correc., sala IV ~ 13/03/2024 ~ U., J. E. y otros s/ sobreseimiento.
650 #0 - SUBJECT ADDED ENTRY--TOPICAL TERM
9 (RLIN) 967
Topical term or geographic name as entry element DERECHO DE FAMILIA
650 #0 - SUBJECT ADDED ENTRY--TOPICAL TERM
9 (RLIN) 5360
Topical term or geographic name as entry element VIOLENCIA ECONÓMICA
650 #0 - SUBJECT ADDED ENTRY--TOPICAL TERM
9 (RLIN) 1057
Topical term or geographic name as entry element JURISPRUDENCIA APLICABLE
773 0# - HOST ITEM ENTRY
Host Biblionumber 2844
Host Itemnumber 3222
Place, publisher, and date of publication Buenos Aires : AbeledoPerrot, 1989-
Title Derecho de familia. Revista Interdisciplinaria de doctrina y jurisprudencia. Diciembre 2024-VI.
International Standard Book Number 18511201
942 ## - ADDED ENTRY ELEMENTS (KOHA)
Source of classification or shelving scheme
Koha item type Analítica Artículo de Revista

No hay ítems disponibles.

12 de Octubre 789 Ushuaia - Tel:  54(02901)441571
Horario de Atención: 8.00 a 17.00 hs. 
bibliotecaush@justierradelfuego.gov.ar
koha@justierradelfuego.gov.ar
Seguinos en nuestras redes @bibliojustdf 

Con tecnología Koha